| 000 | 00604nam a2200229Ia 4500 | ||
|---|---|---|---|
| 003 | OSt | ||
| 005 | 20221007071859.0 | ||
| 006 | a|||||r|||| 00| 0 | ||
| 007 | ta | ||
| 008 | 221006b |||||||| |||| 00| 0 eng d | ||
| 024 | _a13,164 | ||
| 037 | _cTextual | ||
| 040 |
_aFLL _cFLL _beng |
||
| 041 |
_2eng _aeng |
||
| 082 | _aV5:1.N7, K8 | ||
| 100 | _aUrwin Derek W. | ||
| 245 | 0 | _aWestern Europe Since 1945 | |
| 260 |
_aLondon _bLongmans, Green and Co. Ltd. London _c1968 |
||
| 300 |
_axiv,301p _ccm. |
||
| 942 |
_hV5:1.N7, K8 _cTEXL _2CC |
||
| 999 |
_c1144574 _d1144574 |
||